Vocabulary Words with 4 E's - Statistics

General Stats
  • This quiz has been taken 82 times
    80 since last reset
  • The average score is 9 of 20
Answer Stats
definition word % Correct
apiarist beekeeper
70%
conical tent, from Lakota language teepee
69%
something you don't have to pay for freebee
61%
smallest number with four e's seventeen
61%
buy one at McDonalds or Burger King cheeseburger
55%
person employed to manage a household housekeeper
55%
Yeomen Warder of Her Majesty’s Royal Palace and Fortress the Tower of London beefeater
50%
burial grounds cemeteries
48%
slow down decelerate
47%
UN soldier that wears a blue beret, usually lightly armed peacekeeper
45%
ship for destroying enemy mines minesweeper
42%
Algeria's 1954-62 war was for this independence
39%
business risk-taker entrepreneur
34%
3000 meter summer Olympic event steeplechase
33%
mourning following a death bereavement
30%
the choice you want more preference
30%
Obama (2012) and Trump (2020) have been reelected
28%
never having happened before unprecedented
27%
golf course employee greenkeeper
23%
great forcefulness or intensity of feeling vehemence
6%
No matching quizzes found
Score Distribution
Percent of People with Each Score
Percentile by Number Answered
Your Score History
You have not taken this quiz since the last reset